Gettysburg : (Record no. 5513)

MARC details
000 -LEADER
fixed length control field 01269nam a22002777a 4500
001 - CONTROL NUMBER
control field 5513
003 - CONTROL NUMBER IDENTIFIER
control field FISKH
005 - DATE AND TIME OF LATEST TRANSACTION
control field 20241216155213.0
008 - FIXED-LENGTH DATA ELEMENTS--GENERAL INFORMATION
fixed length control field 241216b cb ||||| |||| 00| 0 eng d
020 ## - INTERNATIONAL STANDARD BOOK NUMBER
International Standard Book Number 9780545623902
040 ## - CATALOGING SOURCE
Original cataloging agency FISKH
Language of cataloging eng
Transcribing agency FISKH
Modifying agency FISKH
050 ## - LIBRARY OF CONGRESS CALL NUMBER
Classification number E475.B985
082 ## - DEWEY DECIMAL CLASSIFICATION NUMBER
Classification number 973.7349
100 ## - MAIN ENTRY--PERSONAL NAME
Personal name Butzer, C. M
245 ## - TITLE STATEMENT
Title Gettysburg :
Remainder of title the graphic novel /
Statement of responsibility, etc. Written and illustrated by C. M. Butzer
260 ## - PUBLICATION, DISTRIBUTION, ETC.
Place of publication, distribution, etc. New York :
Name of publisher, distributor, etc. Scholastic ;
Date of publication, distribution, etc. 2009 .
300 ## - PHYSICAL DESCRIPTION
Extent 80 pages :
Other physical details color illustrations ;
Dimensions 24 cm .
505 ## - FORMATTED CONTENTS NOTE
Formatted contents note Z <br/>
520 ## - SUMMARY, ETC.
Summary, etc. Presents a comic book style depiction of the Battle of Gettysburg, the national movement to create a memorial at the battle site, and the day of Lincoln's Gettysburg Address in 1863, drawn from first-person letters, speeches, and other primary sources. The address itself is played out over sixteen pages, with every phrase given a visual interpretation that will resonate with young readers. Also contains page level author's notes and the Gettysburg Address, in both comic book and text forms.
521 8# - TARGET AUDIENCE NOTE
Target audience note 1010 <br/>
Source Lexile GN <br/>
521 8# - TARGET AUDIENCE NOTE
Target audience note Z <br/>
Source Raz-Plus <br/>
650 ## - SUBJECT ADDED ENTRY--TOPICAL TERM
Topical term or geographic name entry element Gettysburg Address
Form subdivision non-fiction
700 ## - ADDED ENTRY--PERSONAL NAME
Personal name Butzer, C.M
Relator term illustrator
942 ## - ADDED ENTRY ELEMENTS (KOHA)
Source of classification or shelving scheme Dewey Decimal Classification
Koha item type Books
Suppress in OPAC No
Holdings
Withdrawn status Lost status Source of classification or shelving scheme Damaged status Not for loan Collection Home library Current library Shelving location Date acquired Total Checkouts Full call number Barcode Date last seen Price effective from Koha item type
    Dewey Decimal Classification     Fiction Footprints International School Library Network Toul Kork Campus Footprints International School Library Network Toul Kork Campus TTP Secondary Fiction Bookshelves 12/16/2024   BUT 973.7349 E475.B985 FISSE01300 12/16/2024 12/16/2024 Books